| 000 | 00847nam a2200265 a 4500 | ||
|---|---|---|---|
| 001 | 23455 | ||
| 003 | BD-RjUL | ||
| 005 | 20211209000931.0 | ||
| 008 | 140311s1987 hiub b s000 1 eng | ||
| 020 | _a0824809149 : | ||
| 035 | _a(BD-RjUL)23520 | ||
| 040 |
_aDLC _cDLC _dDLC _dBD-RjUL _beng |
||
| 041 | 1 | _aengjpn | |
| 082 | 0 | 0 |
_a895.634 _219 _bTOB 1987 |
| 100 | 1 |
_aShimazaki, Tōson, _d1872-1943. _969506 |
|
| 245 | 1 | 0 |
_aBefore the dawn / _cShimazaki Tōson ; translated by William E. Naff. |
| 260 |
_aHonolulu : _bUniversity of Hawaii Press, _cc1987. |
||
| 300 |
_axxxiii, 798 p. : _bmaps ; _c25 cm. |
||
| 504 | _aBibliography: p. [797-798]. | ||
| 650 | 0 |
_aJapanese fiction _vTranslations into English. _y20th century _972244 |
|
| 700 | 1 |
_aNaff, William E. _972245 |
|
| 942 |
_2ddc _cBK |
||
| 999 |
_c23455 _d23455 |
||